000 00514nam a2200181Ia 4500
005 20250508163918.0
008 008 250505s9999 xx 000 0 eng d
037 _aTextual
040 _aFEDL
_beng
_cFEDL
041 _aeng
_2eng
084 _a376, PAN
_qFEDL
100 _aPant S K
_9592964
245 0 _aGender bias in girl child education
260 _aNew Delhi, India
_bKanishaka Publishers, Distributors
_c2002
300 _a200p.
942 _cTEXL
_h376, PAN
999 _c1385932
_d1385932